Advanced in hybrid rice technology
Gorde:
| Egile nagusia: | |
|---|---|
| Formatua: | Liburua |
| Hizkuntza: | Undetermined |
| Argitaratua: |
Manila
IRRI and FAO
1998
|
| Gaiak: | |
| Etiketak: |
Etiketa erantsi
Etiketarik gabe, Izan zaitez lehena erregistro honi etiketa jartzen!
|
| Thư viện lưu trữ: | Trung tâm Học liệu Trường Đại học Cần Thơ |
|---|
| LEADER | 00484nam a2200181Ia 4500 | ||
|---|---|---|---|
| 001 | CTU_34006 | ||
| 008 | 210402s9999 xx 000 0 und d | ||
| 082 | |a 633.1823 | ||
| 082 | |b A244 | ||
| 100 | |a IRRI | ||
| 245 | 0 | |a Advanced in hybrid rice technology | |
| 245 | 0 | |c IRRI, FAO | |
| 260 | |a Manila | ||
| 260 | |b IRRI and FAO | ||
| 260 | |c 1998 | ||
| 650 | |a rice - breeding | ||
| 904 | |i Nguyễn Quang Điền, 991118 | ||
| 980 | |a Trung tâm Học liệu Trường Đại học Cần Thơ | ||